Envejecimiento Sin Crisis : (Registro nro. 6007)
[ vista simple ]
| 000 -LEADER | |
|---|---|
| fixed length control field | 01079nam a2200265Ia 4500 |
| 003 - CONTROL NUMBER IDENTIFIER | |
| control field | OSt |
| 005 - DATE AND TIME OF LATEST TRANSACTION | |
| control field | 20200819105539.0 |
| 008 - FIXED-LENGTH DATA ELEMENTS--GENERAL INFORMATION | |
| fixed length control field | 191128s1994 wauad gr 000 0dspa d |
| 020 ## - INTERNATIONAL STANDARD BOOK NUMBER | |
| International Standard Book Number | 821328441 |
| 040 ## - CATALOGING SOURCE | |
| Original cataloging agency | Co-JMCR |
| Transcribing agency | Co-JMCR |
| 041 1# - LANGUAGE CODE | |
| Language code of text/sound track or separate title | spa |
| Language code of original | eng |
| 082 04 - DEWEY DECIMAL CLASSIFICATION NUMBER | |
| Classification number | 368.3 / |
| Item number | B155e |
| Edition number | 23 |
| 110 1# - MAIN ENTRY--CORPORATE NAME | |
| Corporate name or jurisdiction name as entry element | Banco Mundial |
| 9 (RLIN) | 5980 |
| 245 10 - TITLE STATEMENT | |
| Title | Envejecimiento Sin Crisis : |
| Remainder of title | Políticas para la Protección de los Ancianos y la Promoción del Crecimiento / |
| Statement of responsibility, etc. | Banco Mundial |
| 250 ## - EDITION STATEMENT | |
| Edition statement | Primera edición |
| 260 ## - PUBLICATION, DISTRIBUTION, ETC. | |
| Place of publication, distribution, etc. | Washington : |
| Name of publisher, distributor, etc. | Banco Mundial, |
| Date of publication, distribution, etc. | 1994. |
| 300 ## - PHYSICAL DESCRIPTION | |
| Extent | xxiv, 457 páginas : |
| Other physical details | gráficos a color ; |
| Dimensions | 24 cm. |
| 504 ## - BIBLIOGRAPHY, ETC. NOTE | |
| Bibliography, etc. note | Bibliografía : páginas 429-452. |
| 505 0# - FORMATTED CONTENTS NOTE | |
| Formatted contents note | Panorama general -- Avanzado en edad -- Sistemas informales -- Elecciones en las políticas sobre sistemas formales -- Los planes públicos de pensiones -- Los planes de pensiones ocupasionales |
| 534 ## - ORIGINAL VERSION NOTE | |
| Introductory phrase | Averting the Old Age Crisis |
| 546 ## - LANGUAGE NOTE | |
| Language note | Traducido del íngles |
| 650 24 - SUBJECT ADDED ENTRY--TOPICAL TERM | |
| Topical term or geographic name entry element | Seguridad económica en la vejez |
| 9 (RLIN) | 8902 |
| 650 24 - SUBJECT ADDED ENTRY--TOPICAL TERM | |
| Topical term or geographic name entry element | Envejecimiento de la población |
| 9 (RLIN) | 8903 |
| 942 ## - ADDED ENTRY ELEMENTS (KOHA) | |
| Source of classification or shelving scheme | Dewey Decimal Classification |
| Koha item type | Books |
| Withdrawn status | Lost status | Source of classification or shelving scheme | Materials specified (bound volume or other part) | Damaged status | Not for loan | Home library | Current library | Shelving location | Date acquired | Source of acquisition | Full call number | Barcode | Date last seen | Copy number | Price effective from | Koha item type |
|---|---|---|---|---|---|---|---|---|---|---|---|---|---|---|---|---|
| Dewey Decimal Classification | Donación--15/04/2018-- | Biblioteca Pública José María del Castillo y Rada | Biblioteca Pública José María del Castillo y Rada | General Stacks | 11/28/2019 | Donación | 368.3 / B155e | 430011355 | 05/16/2024 | Ej.1 | 11/28/2019 | Books |